Statistiques concernant Comment les pays d'Océanie ont accédé à l'indépendance

Cliquez ici pour prendre le quiz!

Statistiques générales

  • Ce quiz a été pris 83 fois
    (62 depuis la dernière actualisation)
  • Le résultat moyen est 12 sur 14

Statistiques - réponses

PaysPays/Empire% Correct
Nouvelle-ZélandeAustralie
91%
NauruAustralie
91%
Papouasie-Nouvelle-GuinéeAustralie
91%
VanuatuEmpire britannique/Empire français
87%
AustralieEmpire britannique
85%
FidjiEmpire britannique
85%
KiribatiEmpire britannique
85%
Îles SalomonEmpire britannique
85%
TongaEmpire britannique
85%
TuvaluEmpire britannique
85%
Îles MarshallUSA/les états-unis d'Amérique
82%
États Fédérés de MicronésieUSA/les états-unis d'Amérique
82%
PalaosUSA/les états-unis d'Amérique
82%
SamoaNouvelle-Zélande
64%

Distribution des résultats

Percentile par nombre de réponses

% des personnes avec chaque résultat

Votre développement - résultats

Vous n’avez pas pris ce quiz depuis la dernière actualisation